00326nam a2200121Ia 4500008004100000100001500041245003300056260004400089300001500133650003200148942000700180999001700187190216s9999||||xx |||||||||||||| ||und|| aHornby As 0aGuide To Patterns In English bThe English Language Book Societyc1971 a261penglid aEnglish Story-English Story cBK c12482d12482